000 00512nam a2200181 a 4500
005 20140412111414.0
008 070717s19uu xx 00 eng d
020 _a1-56144-440-5
050 _aTR(GS 372.634
_bMo813 1994
100 _aFriedman, Arthur
245 _aMore learning is fun grades K-1 Workbook /
_cArthur Friedman.
260 _aNew York :
_bModern Pub,
_c1994.
300 _a128
440 _aHoneybear books
650 _aReading readiness
650 _aHandwriting skills
999 _c105767
_d105767